000 00461nam a2200145Ia 4500
008 180921t xxu||||| ||||o00| 0 eng d
041 _aeng
080 _aVol.2 1880-1894
245 _aordinances Nos. : No.6 of 1888. An ordinance To Amend "The Joint Stok Companies' ordinance,1861." (See Under No.4 of 1861.Vol.1,Page 355)
300 _ap.366, 23 cm
650 _aJoint Stok Companies
942 _cBK
999 _c51215
_d51215
003 LK-CoDNM
040 _aLK-CoDNM
_dLK-CoDNM
_eLK-CoDNM